Newton's telecom dictionary /

Bibliographic Details
Main Author: Newton, Harry
Format: Book
Language:English
Published: San Francisco, Calif. : CMP, 2005.
Edition:21st ed.
Subjects:

MARC

Tag First Indicator Second Indicator Subfields
LEADER 00000cam a22000008a 4500
001 in00002048413
005 20151101062529.0
008 041209s2005 caua e d 000 0 eng
015 |a GBA490010  |2 bnb 
016 7 |a 013064655  |2 Uk 
020 |a 1578203155 (pbk.) 
035 |a (OCoLC)ocm57281840 
040 |a UKM  |c UKM  |d OCLCQ  |d TXA  |d UtOrBLW 
049 |a TXAM 
082 0 4 |a 384.03  |2 22 
090 |a TK5102  |b .N49 2005 
100 1 |a Newton, Harry. 
245 1 0 |a Newton's telecom dictionary /  |c [by Harry Newton]. 
246 3 |a Telecom dictionary 
250 |a 21st ed. 
264 1 |a San Francisco, Calif. :  |b CMP,  |c 2005. 
300 |a xxxii, 973 pages :  |b illustrations ;  |c 24 cm. 
336 |a text  |b txt  |2 rdacontent 
337 |a unmediated  |b n  |2 rdamedia 
338 |a volume  |b nc  |2 rdacarrier 
500 |a "Covering telecommunications, networking, information technology, the internet, fiber optics, RFID, wireless, VoIP"--Cover. 
500 |a Previous edition: 2004. 
650 0 |a Telecommunication  |v Dictionaries. 
650 0 |a Internet  |v Dictionaries. 
948 |a cataloged  |b h  |c 2005/4/29  |d c  |e jgreene  |f 5:50:37 pm 
994 |a E0  |b TXA 
999 |a MARS 
999 f f |s 022c872e-fa51-3a6c-be4e-92d1da986923  |i 899e113c-5ae2-3a37-b76d-0d0c9ee5b889  |t 0 
952 f f |p normal  |a Texas A&M University  |b College Station  |c Sterling C. Evans Library  |d Evans: Library Stacks  |t 0  |e TK5102 .N49 2005  |h Library of Congress classification  |i unmediated -- volume  |m A14831553685 
998 f f |a TK5102 .N49 2005  |t 0  |l Evans: Library Stacks